OK Computer - Radiohead - Statistics

General Stats
  • This quiz has been taken 55 times
  • The average score is 10 of 12
Answer Stats
Songs Plays Artists % Correct
Karma Police 772,010,270 Radiohead
98%
Let Down 521,756,806 Radiohead
96%
No Surprises 1,150,817,079 Radiohead
96%
Paranoid Android 284,091,575 Radiohead
96%
Airbag 92,185,343 Radiohead
91%
Exit Music (For a Film) 394,578,702 Radiohead
87%
Subterranean Homesick Alien 99,532,562 Radiohead
84%
Lucky 86,342,127 Radiohead
82%
Fitter Happier 36,743,818 Radiohead
80%
The Tourist 55,304,480 Radiohead
80%
Electioneering 52,173,323 Radiohead
76%
Climbing Up the Walls 69,181,348 Radiohead
71%
No matching quizzes found
Score Distribution
Percent of People with Each Score
Percentile by Number Answered
Your Score History
You have not taken this quiz